[Event "Olympiad-36"]
[Site "Mallorca"]
[Date "2004.10.23"]
[Round "8"]
[White "Bakalarz, Mietek"]
[Black "Atalik, Suat"]
[Result "0-1"]
[WhiteElo "2389"]
[BlackElo "2541"]
[Annotator "Atalik,S"]
[PlyCount "125"]
[EventDate "2004.10.15"]
[EventType "team-swiss"]
[EventRounds "14"]
[EventCountry "ESP"]
[SourceTitle "CBM 104"]
[Source "ChessBase"]
[SourceDate "2005.01.27"]
[SourceVersion "1"]
[SourceVersionDate "2005.01.27"]
[SourceQuality "1"]
[WhiteTeam "Luxembourg"]
[BlackTeam "Bosnia&Herzegovina"]
[WhiteTeamCountry "LUX"]
[BlackTeamCountry "BIH"]

1. d4 d5 2. Nf3 c6 3. c4 Nf6 4. Nc3 dxc4 5. a4 Bf5 6. e3 e6 7. Bxc4 Bb4 8. O-O
O-O ({Obviously not} 8... Nbd7 {since this guy might have jumped into the
oppurtunity.} 9. Qb3 a5 10. Na2 Be7 11. Qxb7 Rb8 12. Qa6 Ra8 13. Qxc6 Rc8 $11)
9. Bd3 $6 {Probably new for many people but not for me I have met it before.}
Bxd3 10. Qxd3 Na6 $5 {My way to highway!} 11. Rd1 c5 12. Qb5 $5 (12. Na2 {
has been played by IM Polajzer against me in a rapid match.} Qd5 $5 $40) 12...
Qe7 13. Na2 cxd4 14. Nxb4 Qxb4 {I had to go to the endgame since his queen
helps both defence and offence.} (14... Nxb4 15. Nxd4 Rfd8 16. Bd2 Nbd5 $11 {
results in a normal position.}) 15. Nxd4 (15. Qxb4 $6 Nxb4 16. Nxd4 e5 (16...
Rfc8 17. Bd2 Nc2 18. Nxc2 Rxc2 19. Bc3 Ne4 20. Rd7 $132) 17. Nf5 Rfd8 18. Bd2
Nd3 19. Bc3 Ne4 20. f3 Nxc3 21. bxc3 g6 22. Ng3 Nc5 23. a5 Nb3 24. Rxd8+ Rxd8
25. Ra3 Nc5 26. Ne4 Nxe4 27. fxe4 f6 $17) 15... Qxb5 16. Nxb5 Rfd8 17. Bd2 Nc5
18. Nd4 $1 {Exact play by my opponent.} (18. Bc3 $6 Rxd1+ (18... Nxa4 $6 19.
Bd4 a6 20. Rxa4 axb5 21. Rxa8 Rxa8 22. Bxf6 gxf6 23. g4 $1 Ra2 24. Rd7 Rxb2 25.
Rxb7 $15) (18... Nd5 $6 19. Be5 f6 20. Bg3 e5 $15) 19. Rxd1 a6 $1 (19... Nxa4
$6 20. Bd4 a6 21. Nd6 b6 22. Rc1 $44) 20. Nd6 Rd8 21. Rd4 Nd5 $1 22. Nc4 Rc8
$17 23. Nd6 Rc6 24. Nf5 f6 25. Rxd5 (25. a5 $2 Kf7 26. Be1 Nb3 27. Rd1 exf5 28.
Rxd5 Rc1 29. Kf1 Ke6 30. Rd8 Nxa5 $19) 25... exd5 26. Ne7+ Kf7 27. Nxc6 bxc6
28. a5 Nb3 29. Kf1 c5 30. Ke2 c4 $17) 18... e5 19. Bb4 $1 {He is tactically
aware otherwise he would have ended up in a bad position with a bad bishop.} (
19. Nf3 $6 Nfe4 $1 (19... Nb3 20. Ra3 Nxd2 21. Rxd2 Rxd2 22. Nxd2 Rd8 23. Nf1
$15) 20. Be1 f6 21. a5 Nb3 22. Rab1 Kf7 $17) 19... Na6 $1 {I had to go for R+P
vs 2Ns ending since in the other line he will have fair chances to equalise.} (
19... Nfe4 20. Bxc5 Nxc5 21. b4 Na6 22. b5 Nc5 23. Nf5 Nxa4 24. Rxd8+ Rxd8 25.
f4 Nc5 26. fxe5 $132) 20. Be7 exd4 21. Bxd8 Rxd8 22. Rac1 $1 Kf8 23. Rxd4 {
Draw offer.} Rxd4 24. exd4 Ke7 25. Rc8 {After many forced moves we ended up in
this endgame which I consider to be equal.} Kd7 {I wanted to win a tempo.} (
25... Ne8 26. Ra8 Nd6 27. Rxa7 Nb4 28. Ra8 $132) 26. Rf8 {After this my king
is one square up.} (26. Ra8 Nc7 27. Rxa7 (27. Rf8 Nfe8 $1 28. Rxf7+ Ke6 29. Rf3
Kd5 $15) 27... Kc6 28. Ra5 Ne6 29. Re5 Nd5 $15) 26... Ke6 27. Ra8 Ne4 28. Rxa7
Nd6 29. Ra8 h5 $6 {This was unnecessary.} (29... Kd5 $142 30. Rg8 (30. Rh8 h6
31. Rh7 Ne8 32. Rh8 Nac7 $17) 30... g6 31. g4 Nb4 32. Rh8 Nd3 33. b3 Kxd4 34.
Rxh7 Kc3 35. h4 Ne5 36. h5 Kxb3 37. h6 Nxg4 38. Rh8 Nxh6 39. Rxh6 Kxa4 40. Rh4+
Kb5 41. Kf1 $11) 30. Kf1 Kd5 31. Rd8 Nb4 32. Ke2 Nc6 (32... g6 33. Kd2 Nc6 34.
Rd7 Nxd4 35. b4 $132) 33. Rh8 g6 34. Kd3 $1 {A brave move but it works.} Nxd4
35. b4 Nc6 36. b5 Na5 (36... Ne5+ 37. Ke2 $1 $15 {This is the right side to go
and protect.} (37. Kc3 $2 Ng4 38. f3 Ne3 39. g3 (39. Kb4 Nxg2 40. a5 Ne1 41. a6
Nd3+ 42. Kc3 Nc5 $19) 39... Nf1 40. Kd3 (40. Kb4 Nxh2 41. a5 Nxf3 42. a6 bxa6
43. bxa6 Nd4 44. Ka5 Nc4+ $19))) 37. f3 $138 {Now comes his counterplay, after
g4 and h4-h5 in later stages possibility of a h passer is a real headache.}
Nac4 38. Kc3 Kc5 (38... Ne3 $2 39. g3 Nf1 40. g4 Nxh2 41. gxh5 Nxf3 42. h6 Ng5
43. h7 b6 44. Kd2 $16 {And I do not know how to get rid of this nasty Ph7.})
39. g4 hxg4 40. fxg4 Ne5 41. h3 g5 {I was happy with this temporary blockade.}
(41... f5 42. gxf5 gxf5 43. h4 f4 44. h5 f3 45. Rf8 (45. h6 $4 f2 46. Rf8 Nef7
47. h7 f1=Q $19) 45... Ndf7 46. Kd2 $11) 42. Kb3 b6 {I have also succeeded to
block the queenside but still the win is not possible.} (42... Nf3 43. Kc3 b6
44. Rg8 f6 45. Rf8 Ng1 46. Kb3 Nxh3 47. Rxf6 Nf4 $11) 43. h4 Ng6 {Now it does
not matter about which move to chose, he is anyway about exchanging all the
pawns and even the rook if he is forced to.} (43... gxh4 44. Rxh4 Ne4 45. Rh8
Nxg4 46. Rc8+ Kd5 47. a5 bxa5 48. Ka4 $11) 44. Rh5 Nxh4 45. Rxg5+ Kd4 46. Rh5
Ng6 47. Rh1 Ne5 48. Rc1 Ndc4 49. Rd1+ Nd3 50. a5 $1 $11 {A great move by my
opponent who was short of time.} bxa5 51. b6 a4+ 52. Kc2 {Simplest but the
alternative is also leading to a draw.} (52. Kxa4 Nxb6+ 53. Kb5 Nd5 54. Rf1
N3f4 55. g5 Nc7+ 56. Kc6 Nce6 57. Kd6 Ke4 58. g6 fxg6 59. Rg1 $11) 52... Na3+
53. Kd2 Nc5 54. Kc1+ $2 {This does not spoil anything but he started to drift
away.} (54. Ke2+ Ke4 55. Rc1 Nd7 56. b7 Nb5 57. Rc8 Nd4+ 58. Kf2 Ne6 59. b8=Q
Nxb8 60. Rxb8 Kf4 61. Rb4+ Kg5 62. Rxa4 f5 63. Ra6 Nf8 64. Ra8 Ng6 65. gxf5
Kxf5 $11) 54... Ke4 {Tricky.} (54... Ke5 55. Rf1 Ke6 56. Rf4 $11) 55. Kb2 $2 {
Another unforced error.} (55. Rf1 $1 {is his defence.} Nc4 56. Rxf7 Nxb6 57.
Ra7 $11) 55... Nc4+ 56. Kc3 Nxb6 57. Re1+ Kd5 58. Rf1 Ne4+ 59. Kb4 Nd6 60. g5
Ke6 61. Kc5 Nbc4 62. Kb4 a3 63. Re1+ $138 {White has overstepped the time
limit. I was really lucky that after many oppurtunities of immediate equality
he ended up losing on time.} (63. Re1+ Kf5 64. Rg1 Kg6 65. Kb3 $11 {is still a
draw.}) 0-1

[Event "EU-ch 2nd"]
[Site "Ohrid"]
[Date "2001.06.05"]
[Round "5"]
[White "Lputian, Smbat G"]
[Black "Atalik, Suat"]
[Result "1-0"]
[WhiteElo "2607"]
[BlackElo "2537"]
[Annotator "Atalik,S"]
[PlyCount "72"]
[EventDate "2001.06.01"]
[EventType "swiss"]
[EventRounds "13"]
[EventCountry "YUG"]
[SourceTitle "CBM 084"]
[Source "ChessBase"]
[SourceDate "2001.09.13"]
[SourceVersion "1"]
[SourceVersionDate "2001.09.13"]
[SourceQuality "1"]

1. d4 {Huebner,R} d5 2. c4 c6 3. Nf3 Nf6 4. Nc3 dxc4 5. a4 Bf5 6. e3 e6 7. Bxc4
Bb4 8. O-O O-O 9. Nh4 Nbd7 {My favorite move in this system.} 10. f3 Bg6 11.
Nxg6 ({The other way is to delay the exchange on g6.} 11. e4 e5 12. dxe5 Nxe5
13. Be2 Nfd7 $1 14. Nxg6 Nxg6 15. f4 Nc5 16. Be3 {Yevseev-Morozevich,Russia(ch)
1998.} (16. Na2 $2 Nxe4 $1) 16... Qe7 $1 17. e5 (17. f5 Nxe4 18. Bd4 Nh4 19. f6
Nxf6 20. Rxf6 gxf6 21. Bd3 Ng6 $19) 17... Rad8 18. Qc2 Ne6 $1 19. f5 $140 (19.
Ne4 Nd4 20. Qc4 b5 21. axb5 cxb5 $17) 19... Bc5 20. Qc1 Nd4 21. fxg6 Nb3 22.
Nd5 Rxd5 23. gxf7+ Kh8 $5 $19) 11... hxg6 12. e4 e5 13. Be3 Qb6 $6 {Actually
this move is something I have never liked however during the game I could not
notice the difference.} ({This is the best place for black's queen.} 13... Qa5
$1) 14. Kh1 Rad8 (14... exd4 15. Bxd4 Bc5 16. a5 Qc7 $14 (16... Qb4 $2 17. Ra4
Qxb2 18. Rf2 Qxf2 19. Bxf2 Bxf2 20. Qe2 Bc5 21. e5 Rfe8 22. e6 Kf8)) 15. Ne2 $1
Qc7 {Huebner,R: 'In einer früheren Partie wurde wie folgt gespielt:'} (15...
exd4 16. Bxd4 (16. Nxd4 $2 Ne5) 16... c5 {I remember that after the game i was
trying to make c5 thrust to work.} (16... Bc5 17. a5 Qc7 18. Bxc5 Nxc5 19. Qc2
Qe5 $132) 17. Be3 (17. a5 $5 Bxa5 18. Bxf6 gxf6 (18... Nxf6 19. Qa4 $14) 19.
Qa4 Ne5 20. Bd5 Bd2 21. Qxa7 Qb5 22. Nc3 Qxb2 23. Na4 Qb4 $13) 17... Ne5 18.
Qc2 (18. Qb3 $6 Bd2) 18... Nxc4 19. Qxc4 Qd6 (19... Qe6 $2 20. Qxe6 fxe6 21.
Nf4 Kf7 22. Rfd1 b6 23. Nd3 $16) 20. Nf4 (20. Nc3 $6 Qd3) 20... Rfe8 21. Qc2 (
21. Qb3 b6 (21... g5 22. Rad1 c4 23. Rxd6 (23. Qc2 Qa6) 23... cxb3 24. Rxd8
Rxd8 25. Ne2 g4 26. Nc1 Rd7 $1 27. Bxa7 $140 (27. Bg1 gxf3 28. gxf3 Rd2 29. Rf2
Rd1 30. Nxb3 Nh5 31. Rc2 Nf4 32. Rc1 Rd3 33. Nd4 a5 $44) 27... b5) 22. Rad1 c4
23. Qc2 Qc7 24. Ne2 Bd6 25. Rd4) (21. Nxg6 $2 Qd3 $19) 21... b6 22. Rad1 Qe7
$14) (15... a5 16. Qc2 (16. Qb3 {Huebner,R} exd4 17. Bxd4 Bc5 18. Qxb6 Bxb6 19.
Bc3 Rfe8 20. Nc1 Bc7 21. Nb3 Ra8 $6 (21... b6 {Huebner,R} 22. Nd4 Ne5 23. Bb3
g5 24. g3 c5 $11) 22. Bd2 Ra7 $6 23. Rfd1 $16 {1-0 Huzman,A-Milov,L/UKR-ch sf
1986/EXT 97 (74). (73) . Viel Unterschied macht der Textzug nicht.}) 16... exd4
17. Bxd4 Bc5 18. Bc3 Bb4 19. Nf4 Bxc3 20. Qxc3 g5 21. Nd3 Nh5 22. g3 Nhf6 23.
h3 $14) 16. Qc2 $1 exd4 17. Bxd4 c5 $6 {Huebner,R: 'Die Aufgabe des Feldes d5
birgt Risiken. Solider ist' A very risky attempt.} (17... a5 {(Huebner,R)
Danach braucht Schwarz} 18. f4 {nicht zu fürchten;} Nc5 19. e5 Nd5 {ist eine
ausreichende Entgegnung.}) 18. Be3 Ne5 19. Ba2 $1 $16 {I have underestimated
the strenght of this move.} (19. Nf4 $2 Nxc4 20. Qxc4 Bd2 21. Bxd2 Rxd2 22.
Nxg6 Rfd8 $15) 19... Qe7 ({Black is worse since} 19... Rd3 $2 {does not work.}
20. Bf4 Rfd8 21. Bd5 $1 R3xd5 (21... Nxd5 22. Bxe5 Qxe5 23. Qxd3 $18) 22. exd5
Nxd5 23. Bg3 $1 $16) 20. Nf4 Rd7 (20... g5 21. Nd5 (21. Ne2 g4 22. Ng3 Nc6 $16)
21... Nxd5 22. Bxd5 Kh8 23. Rad1 f6 $16) 21. Nd5 Nxd5 22. Bxd5 Ng4 $4 {'?'
Huebner,R. Huebner,R: 'Schwarz verfällt in Panik; der Textzug führt zu einer
hoffnungslos verlorenen Stellung. Nach' Strange blunder.} (22... Rfd8 23. Rad1
b6 $16 {But at least playable.}) (22... b6 23. a5 $1) (22... Rfd8 {(Huebner,R)
um bei guter Gelegenheit auf d5 einschlagen zu können, war die Partie noch
lange nicht zu Ende.}) 23. fxg4 {I have absolutely missed this one!How do not
ask me!} Rxd5 24. exd5 Qxe3 25. Rad1 $18 Rd8 26. Qc4 Rd6 27. Rf4 Qe7 28. Rdf1
g5 29. Rxf7 Qxf7 30. Rxf7 Kxf7 31. g3 a6 32. Qe4 Rf6 33. Qe5 Rf1+ 34. Kg2 Re1
35. Qc7+ Kf6 36. d6 Ke5 1-0

[Event "SLO-chT 09th"]
[Site "Bled"]
[Date "1999.11.08"]
[Round "1"]
[White "Cebalo, Miso"]
[Black "Atalik, Suat"]
[Result "1-0"]
[WhiteElo "2453"]
[BlackElo "2598"]
[Annotator "Atalik,S"]
[PlyCount "99"]
[EventDate "1999.11.08"]
[EventType "team-tourn"]
[EventRounds "7"]
[EventCountry "SLO"]
[SourceTitle "EXT 2000"]
[Source "ChessBase"]
[SourceDate "1999.11.16"]
[SourceVersion "1"]
[SourceVersionDate "1999.11.16"]
[SourceQuality "1"]
[WhiteTeam "Maribor Lumar Kovinar"]
[BlackTeam "Tolmin AET"]
[WhiteTeamCountry "SLO"]
[BlackTeamCountry "SLO"]

1. d4 d5 2. Nf3 Nf6 3. c4 c6 4. Nc3 dxc4 5. a4 Bf5 6. Nh4 {Cebalo's pet
variation against Bf5 Slav.} e6 $5 {Aiming central light squares control.} 7.
Nxf5 exf5 8. e3 (8. Bg5 $5 {is an interesting alternative.} Qb6 $5 (8... Nbd7
9. e3 Qa5 10. Bxf6 Nxf6 11. Bxc4 Bb4 $11) 9. Bxf6 (9. Qc2 Qxd4 10. Qxf5 Nbd7
11. Rd1 Qe5) (9. Qc1 Qxd4) (9. Qb1 Qxd4) 9... Qxb2 10. Qc1 (10. Rc1 Bb4 11. Qc2
Qxc2 12. Rxc2 gxf6) 10... Qxc1+ 11. Rxc1 gxf6 12. e3 (12. g3 Nd7 (12... Bb4 $2
13. e3 Nd7 14. Bxc4 Nb6 15. Bb3 Nd5 16. Bxd5 cxd5 17. Ke2 Bxc3 18. Rxc3 Kd7 19.
Rc5 Kd6 20. Rhc1 Rhd8 21. Kf3 Rd7 22. Kf4 Ke6 23. Rc8 Rxc8 24. Rxc8 $18) 13. e3
Nb6 14. Rb1 O-O-O) 12... f4 13. exf4 (13. e4 Nd7 14. Bxc4 Bd6) 13... Nd7 (13...
Bb4 14. Bxc4) 14. Bxc4 Nb6 15. Bb3 Bb4 16. O-O Bxc3 17. Rxc3 O-O-O $13) 8...
Bb4 9. Bxc4 O-O 10. Bd2 $5 {Miso played this rather quick.} Nbd7 11. O-O g6 $5
{Sooner or later black will need this move.} 12. Qc2 Rc8 13. Rfd1 (13. f3 c5 {
is blacks idea.}) 13... Nb6 (13... Bd6 14. g3 h5 15. Bf1 h4 16. Bg2 $13) 14.
Bf1 Nbd5 {Usually this may allow a5 but the presence of Rc8 makes it
impossible.} 15. Rac1 (15. a5 $2 Bxa5 16. Nxd5 cxd5 17. Bxa5 Rxc2 18. Bxd8 Rxd8
19. Rxa7 Rxb2 $19) 15... a5 {I have spent some time before this.To play with
a5 or not is a real decision.} (15... Bd6 16. g3) 16. Qb3 $1 {Making Bd6
impossible.} Qe7 17. g3 Rfd8 (17... Ne4 $5 18. Be1 (18. Nxd5 $6 cxd5 19. Bxb4
Qxb4 $36) 18... Ndf6 19. Bg2 Rfe8 20. Nxe4 fxe4 21. Bxb4 Qxb4 22. Qxb4 axb4 $15
) 18. Bg2 Nc7 $1 (18... Rc7 $2 19. Nxd5 Nxd5 20. Bxd5 Rxd5 21. Bxb4 Qxb4 22.
Qxb4 axb4 23. Rc4 c5 24. Rdc1 b6 25. Rxb4 $18) 19. Na2 (19. Ne2 Ncd5 20. Nc3
$11) 19... Bxd2 20. Rxd2 Ncd5 21. Rdc2 Ra8 $1 22. Rc4 Ra6 $5 {Around here I
was annoyed by Rc5.} (22... h5 23. Rc5 Ne4 24. Bxe4 Qxe4 (24... fxe4 25. Nc3)
25. Nc3 Nxc3 26. bxc3 h4) (22... Kg7 23. Rc5 {almost the same ideas.}) 23. Qc2
(23. Rc5 Nd7 $5 (23... Rb6 24. Qa3 (24. Qc2 $2 Nxe3 25. fxe3 Qxe3+ $40) 24...
Re8 25. Rxa5 Qxa3 26. bxa3 Rb3 $1 (26... Rb2 $6 27. Bxd5 $1 Nxd5 28. Nc3) 27.
Nb4 Nxb4 28. axb4 Rxb4 29. Ra7 $16) 24. R5c2 (24. Rxd5 $6 cxd5 25. Rc7 Qd6 26.
Rxb7 Rb6 27. Rxb6 Nxb6 28. Qb5 Rb8 $15) 24... Rb6 $13) 23... Nb6 $6 {Why to
pull the N out of its post?} (23... Rb6 24. Nc3 Nb4 25. Qe2 Ra6 $11) (23...
Nxe3 $5 24. fxe3 Qxe3+ 25. Kh1 (25. Qf2 $2 Qb3 $19) (25. Kf1 Ng4 26. Bh3 Ne5 $5
27. Rc3 Qxd4 $17) 25... Rxd4 (25... Ng4 $6 26. h3 Nf2+ 27. Kh2 f4 28. gxf4
Qxf4+ 29. Kg1) 26. Rxd4 Qxd4 27. Rd1 Qe3 $44) 24. Rc5 Qe6 $5 (24... Nbd5 $5 25.
Qd3 Ne4 26. R5c4 Re8 $13) 25. b4 axb4 {around here I have panicked
unnecessarily due to my limited time on Fischer's clock.} 26. Nxb4 Ra7 $4 (
26... Rxa4 $1 {was possible and immediately leading to a draw.} 27. Nxc6 bxc6
28. Rxc6 Rd6 29. Rxb6 Raxd4 $1 {The rejoinder I have overlooked.} 30. Rb8+ Rd8
31. Qc7 Qe8 $1 $11 32. Bc6 Qf8) (26... Raa8 $2 27. Nxc6 bxc6 28. Rxc6 Rac8 29.
Qb1 $18) 27. Bxc6 $1 $18 f4 $5 (27... bxc6 28. Nxc6 Rad7 29. Nxd8 Rxd8 30. Rc6
Rd6 31. a5 Nbd5 32. a6 $18) 28. a5 $1 Nbd7 29. Bxd7 Qxd7 30. Nd3 $6 {Trying to
play safe and giving chances.} (30. gxf4 Qg4+ 31. Kf1 Qh3+ 32. Ke1 Qxh2 33. Rc8
$18) 30... fxe3 31. fxe3 Qe7 $2 $138 (31... Ng4 32. Ne5 Nxe5 33. Rxe5 Raa8 $1
$132) 32. Ne5 Nd7 33. Rd5 Nxe5 (33... b6 34. Qb3 $1 $18) 34. Rxe5 Qa3 35. Rf1
Rf8 36. Qc7 Qa2 $2 (36... Qb3 37. Re7 Raa8) 37. Rf2 Qb1+ 38. Kg2 Raa8 39. Re7
Qb3 40. e4 $18 Qa4 {loses immediately but nothing helps.} 41. Rexf7 Qxd4 42.
Rxf8+ Rxf8 43. Rxf8+ Kxf8 44. Qc8+ Kg7 45. Qxb7+ Kh6 46. a6 Qe3 (46... Qd2+ 47.
Kf3) 47. Kf1 (47. h4 Qe2+ 48. Kh3 $18) 47... Qc1+ 48. Ke2 Qc2+ 49. Kf3 Qc3+ 50.
Kg4 1-0